00566nam a2200181 a 45000010010000000030011000100080041000210350026000620820018000881000023001062450055001292600039001846500024002239420012002479520090002599980020003499990015003690000-9254ELIB.Books110520 1957  a(ELIB.Books)0000-9406 a268.433 bBai aBaiutou, Roland H. aWhat Christianity Says About Sex Love and Marriage bNew York: Association Press c1957 aChristian Education 2ddccBK 00102ddc4070aKBTSbKBTSd2011-05-20l0p2394r2022-01-22 00:00:00w2022-01-22yBK cbate2011-05-20 c9254d9254